000 00426nam a2200157Ia 4500
008 240729s9999 xx 000 0 und d
022 _a2673-2718
245 0 _aFrontiers in Chemical Engineering
260 _aSwitzerland
260 _bFrontiers Media S.A.
650 _a Chemical technology
650 _aTechnology
856 _uhttps://doaj.org/toc/567fc2cc50994e1fbdd524db67671284
942 _2ddc
942 _cDOAJEJ
999 _c67321
_d67321
945 _a1
_bMadushi Gamage
_c1
_dMadushi Gamage